=LDR 00000nam 2200000 4500 =001 INLIS000000000034227 =005 20200304083942 =035 ##$$a 0010-061300000034227 =008 200304################g##########0#ind## =041 ##$$a ind =082 ##$$a 005. 6 =090 ##$$a 005. 6, Stu s1 =245 1#$$a Student guide series : $b Adobe premier Pro /$c Cahyo Rossy, dkk =260 ##$$a Jakarta :$b Elex Media Komputindo,$c 2007 =300 ##$$a viii, 136 hlm. : $b ilus ; $c 14x21 cm. =650 #4$$a Program komputer =850 ##$$a NBPNMAT =020 ##$$a 978-979-27-0830-1 =084 ##$$a 005. 6 ROS s =100 #$$a Rossy, Cahyo =990 ##$$a 21008020 =990 ##$$a 21008022 =990 ##$$a 21008019 =990 ##$$a 21008018 =990 ##$$a 21008021 =990 ##$$a 21008020 =990 ##$$a 21008022 =990 ##$$a 21008019 =990 ##$$a 21008018